00175 a2200073 4500020001800000100002100018245003300039260002900072 a9781446256091 aTREADWELL, James aCriminology : the essentials bSAGE : Los Angelesc2013